Statistics for Kirby’s Epic Yarn Worlds

Click here to take the quiz!

General Stats

  • This quiz has been taken 23 times
  • The average score is 7 of 8

Answer Stats

#World% Correct
8Dream Land
100%
2Grass Land
100%
3Hot Land
92%
7Space Land
92%
6Snow Land
83%
5Water Land
83%
4Treat Land
75%
1Quilty Square
58%

Score Distribution

Percentile by Number Answered

Percent of People with Each Score

Your Score History

You have not taken this quiz